Proponer el diseño de estructuras de pavimento con revestimiento asfaltico en 2,596 metros lineales de calles en el barrio Diriangén en el municipio de Jinotega, departamento de Jinotega

El presente proyecto vial está dirigido al Diseño de Estructuras de pavimento con revestimiento asfáltico en 2,596 metros lineales de calles en el barrio Diriangén en el Municipio de Jinotega, Departamento de Jinotega. Ubicado en las afueras de la ciudad aproximadamente a 5.6 Km. En éste se em...

Full description

Bibliographic Details
Main Authors: Castro Roblero, Jackzuel Alexander, Castillo Urbina, Carlos Eduardo
Other Authors: Tutor: Bustamante Arteaga, José
Format: Tesis Section = Libro
Language:Undetermined
Spanish
Published: Managua UNI 2021
Subjects:
LEADER 01553nam a2200289Ia 4500
008 240830s9999 xx 000 0 und d
040 |a BIBLIOTECA-RUPAP Mon 625.85 C355 
041 |a spa 
082 |a Mon 625.85 C355 
100 1 |a Castro Roblero, Jackzuel Alexander 
100 1 |b  Castillo Urbina, Carlos Eduardo 
245 1 0 |a Proponer el diseño de estructuras de pavimento con revestimiento asfaltico en 2,596 metros lineales de calles en el barrio Diriangén en el municipio de Jinotega, departamento de Jinotega 
260 |a Managua  |b UNI  |c 2021 
300 |a 90 p. :il. 
500 |a Contiene: anexos y CD. 
502 |a Tesis (Ingeniero Civil)- UNI, 2021. 
520 3 |a El presente proyecto vial está dirigido al Diseño de Estructuras de pavimento con revestimiento asfáltico en 2,596 metros lineales de calles en el barrio Diriangén en el Municipio de Jinotega, Departamento de Jinotega. Ubicado en las afueras de la ciudad aproximadamente a 5.6 Km. En éste se emplean metodologías concretas por la AASHTO, (American Association of State Highway and Transportation Officials), para el Diseño de Estructuras de Pavimento de 1993, por medio de la recolección, análisis de tránsito y estudio de suelos. 
650 7 |a PAVIMENTOS 
650 7 |b PAVIMENTOS DE ASFALTOS 
650 7 |c CALLES-MANTENIMIENTO Y REPARACIÓN 
650 7 |d ESTUDIO DE TRANSITO 
650 7 |e ESTUDIO GEOMETICO 
650 7 |f ESTUDIO HIDROLÓGICO 
700 1 |a Tutor:  |b Bustamante Arteaga, José 
942 |c BK  |2 ddc 
991 |a TESIS 
999 |c 16070